000 01020nam a2200229 a 4500
008 120416s1980 ||||||||||||||||| || u
020 _a0256022763
050 _aHA 29 Van
100 _aVan Matre, Joseph G
245 1 0 _aStatistics for business and economics
260 _aDallas, Tex.
_bBusiness Publications
_c1980
300 _axiii, 589p. : ill.
350 _a0.00
500 _aBibliography.
650 0 _aCOMMERCIAL STATISTICS
650 0 _aECONOMICS
650 0 _aECONOMICS--STATISTICAL METHODS
650 _aSTATISTICS--HANDBOOKS, MANUALS, ETC
995 _aBINDERY (DAMAGED)
_D0.00
_e706709
_FCBU-MAIN LIBRARY (Kitwe)
_H3
_I0.00
_jHA 29 Van
_M1
_UDAMAGED
_y000261
_ZMain Library Open Access Collection
995 _aBINDERY (DAMAGED)
_D0.00
_e706710
_FCBU-MAIN LIBRARY (Kitwe)
_H2
_I0.00
_jHA 29 Van
_M3
_UDAMAGED
_y000263
_ZMain Library Open Access Collection
995 _aMAIN LIBRARY OPEN ACCESS
_D0.00
_e703861
_FCBU-MAIN LIBRARY (Kitwe)
_H1
_I0.00
_jHA 29 Van
_M2
_UAVAILABLE
_y000262
_ZMain Library Open Access Collection
999 _c76791
_d76791